Harry Potter animagus quiz - Statistics

General Stats
  • This quiz has been taken 18 times
  • The average score is 5 of 9
Answer Stats
Hint Answer % Correct
Rat Peter Pettigrew
100%
Dog Sirius Black
100%
Stag James Potter
94%
Cat Minerva McGonagall
94%
Beetle Rita Skeeter
78%
Bird Morgan Le Fay
17%
Falcon Falco Aesalon
11%
Crow Morrigan Crow
11%
Seabird Cliodna
6%
No matching quizzes found
Score Distribution
Percent of People with Each Score
Percentile by Number Answered
Your Score History
You have not taken this quiz